000
00288nam a22001337a 4500
008
171031b xxu||||| |||| 00| 0 eng d
020
_a
0962111856
041
_a
eng
080
_a
33
100
_a
59
101
_a
BUS
245
_a
INTERNATIONAL BUSSINESS
_c
FRED.H.M
942
_2
udc
_c
BK
999
_c
36908
_d
36908